| 000 | 00687nam a2200217 u 4500 | ||
|---|---|---|---|
| 005 | 20240831063736.0 | ||
| 008 | 100804s2006 es r 000 0 spa d | ||
| 020 | _a848668448X | ||
| 035 | _aUPN01000177542 | ||
| 049 | _aI | ||
| 050 | 4 |
_aPZ77 _bP7.2 |
|
| 100 | 1 |
_aPrats i Pijoan, Joan de Déu, _d1962- _931547 |
|
| 245 | 1 | 0 |
_aBarcelona, la ciudad de los jardines con chimenea / _cJoan de Déu Prats ; il. Lluís Filella. |
| 260 |
_aBarcelona, Esp. : _bICG Marge, _c2006. |
||
| 300 |
_a109 p. : _bil. |
||
| 440 | 0 | _aUrsa maior | |
| 650 | 4 |
_aCuentos infantiles españoles _97725 |
|
| 651 | 4 |
_aBARCELONA, ESPAÑA - _vLITERATURA INFANTIL _919504 |
|
| 905 | _aLibro | ||
| 999 |
_c149645 _d149645 |
||